Análisis dogmático y criminológico de los delitos de pornografía infantil especial consideración de las modalidades comisivas relacionadas con Internet (Registro nro. 65694)

Detalles MARC
000 -ENCABEZADO
Número de control [NR] 00975nam a2200229Ia 4500
008 - DE LONGITUD FIJA DE DATOS DE ELEMENTOS - INFORMACIÓN GENERAL
Elementos de longitud fija [NR] 130821s2005 sp a gr spa
020 ## - NUMERO INTERNACIONAL NORMALIZADO PARA LIBROS [R]
Número Internacional Normalizado del libro [NR] 8497726685
040 ## - FUENTE DE CATALOGACION [NR]
Agencia de catalogación original [NR] Co-BoUCM
Idioma de catalogación [NR] spa
041 00 - CODIGO DE IDIOMA [R]
Código de idioma para texto/pista de sonido o título separado [R] Español
100 1# - ASIENTO PRINCIPAL--NOMBRE PERSONAL [NR]
Nombre personal [NR] Morillas Fernández, David Lorenzo
ID Autoridad 166543
245 10 - MENCION DE TITULO [NR]
Título [NR] Análisis dogmático y criminológico de los delitos de pornografía infantil especial consideración de las modalidades comisivas relacionadas con Internet
Mención de responsabilidad, etc. [NR] David Lorenzo Morillas Fernández.
260 ## - PUBLICACION, DISTRIBUCION, ETC. (PIE DE IMPRENTA) [R]
Lugar de publicación, distribución, etc. [R] Madrid (España)
Nombre del editor, distribuidor, etc. [R] Dykinson
Fecha de publicación, distribución, etc. [R] 2005
300 ## - DESCRIPCION FISICA [R]
Extensión [R] 513 páginas
Otros detalles físicos [NR] gráficas
490 #0 - MENCION DE SERIE [R]
Mención de serie [R] Monografías de Derecho Penal / David Lorenzo Morillas Cueva
Designación numérica/secuencial del volumen [NR] 5
504 ## - NOTA DE BIBLIOGRAFIA, ETC. [R]
Nota de bibliografía, etc. [NR]
650 04 - ASIENTO SECUNDARIO DE MATERIA - TERMINO TEMATICO [R]
Término temático o nombre geográfico como elemento de entrada [NR] Abuso del niño
9 (RLIN) 8294
650 04 - ASIENTO SECUNDARIO DE MATERIA - TERMINO TEMATICO [R]
Término temático o nombre geográfico como elemento de entrada [NR] Abuso sexual de menores
9 (RLIN) 8295
650 04 - ASIENTO SECUNDARIO DE MATERIA - TERMINO TEMATICO [R]
Término temático o nombre geográfico como elemento de entrada [NR] Delitos sexuales
Subdivisión general [R] Legislación
9 (RLIN) 12602
650 04 - ASIENTO SECUNDARIO DE MATERIA - TERMINO TEMATICO [R]
Término temático o nombre geográfico como elemento de entrada [NR] Derecho penal
9 (RLIN) 12805
942 ## - ELEMENTOS DE ENTRADA AGREGADOS (KOHA)
Tipo de ítem principal el descrito en 300a Libro
Tema principal Derecho
Edición 1
Parte restante de la signatura top. M857a
Sistema de clasificación DEWEY
Clasificación 345.02534
Existencias
Fecha de último préstamo Total préstamos Total Renewals Signatura topográfica Código de barras Última vez visto Ejemplar Price effective from Tipo de ítem Perdido Sistema de clasificación Dañado No prestable Tipo de ítem específico Suprimido Ubicación habitual Ubicación actual Localización Fecha de creación Forma de adquisición Costo
13/09/2018 3 3 345.02534 M857a 100105272 03/07/2026 Ej.1 03/02/2013 Libro   DEWEY     Libro   Claustro Claustro 3er piso 28/02/2010 Compra 108933.00